Statistiken für 12 Stämme Israels

Klicken Sie hier um das Quiz zu spielen!

Allgemein

  • Dieses Quiz wurde 80 mal gespielt
  • Das Durchschnittsergebnis liegt bei 5 aus 12

Antwortstatistiken

#MutterSohn% Korrekt
12.RahelBenjamin
83%
11.RahelJosef
57%
3.LeaLevi
57%
4.LeaJuda
51%
1.LeaRuben
46%
5.BilhasDan
37%
2.LeaSimeon
29%
6.BilhasNaftali
23%
7.SilpaGad
20%
9.LeaIssachar
20%
8.SilpaAscher/ Asser
17%
10.LeaSebulon
17%

Verteilung der Resultate

Perzentil nach korrekt beantworteten Fragen

Anzahl Personen mit jedem Resultat

Ihre Resultats-Entwicklung

Sie haben dieses Quiz noch nicht gespielt